000 00666nam a22002057a 4500
003 OSt
005 20251010031319.0
008 251010b |||||||| |||| 00| 0 eng d
020 _a978-621-8179-76-9
040 _aDWCL-Main lib
_cOC
082 _aFil. 647.95 R823 2021
100 _aRosalda, Francis Alvin E.
245 _a Food and Beverages Services/
_cFrancis Alvin E. Rosalda
260 _aManila, Philippines :
_bEDRIC Publishing House,
_cc2021.
300 _a106 pages :
_b illustrations ;
_c25cm.
504 _aIncludes bibliographical references
650 _a1. Beverages industry
650 _a2. Food service
942 _2ddc
_cBK - FIL
_kFil.
_n0
999 _c4812
_d4812